000 00859nam a2200277Ia 4500
003 OSt
005 20220926020313.0
006 a|||||r|||| 00| 0
007 ta
008 220923b |||||||| |||| 00| 0 eng d
020 _a9781138668096
_c895.00
037 _b12983, 08/03/2017, Elite Publisher Distributors
_cGeneral Book
040 _aRTL
_cRTL
_beng
041 _2eng
_aeng
082 _aV243, Q6
100 _aGREWAL J S
_924775
245 0 _aEarly-nineteenth century Panjab
260 _aNew York
_bRoutledge
_c2016
300 _axvi,228p.
_ccm.
490 _aPalgrave Philosophy Today
500 _aBibliography: p 313-332
650 _aSociology
700 _a BANGA Indu
_9104416
942 _hV243, Q6
_cGB
_2CC
999 _c633931
_d633931